000 01007cam a2200205 4500
001 WB3730-19
008 010731n2001 000 0 eng u
035 _a(Sirsi) u113862
245 _aLegal threat to information sharing
260 _c2001
490 _aFinancial Times
_v 30 July 2001, (2)
520 _aDiscusses the American and European views on privacy and data protection. The European directive on data protection may restrict the movement or sharing of customer or employee information across country borders as it limits the transfer of personal data to countries outside the EU that are not deemed to offer an 'adequate level' of data protection; neither the US nor much of Asia meet the stringent requirements of EU law.
590 _aWB
650 _aDATA PROTECTION
650 _aMANAGEMENT-BUSINESS MANAGEMENT-INFORMATION MANAGEMENT
650 _aEUROPEAN UNION
650 _aEUROPEAN DIRECTIVES
690 _aMANAGEMENT-BUSINESS MANAGEMENT-INFORMATION MANAGEMENT
942 _n0
999 _c67837
_d67837